000 01213naa a22003377a 4500
001 BR9212419
003 BR-BrBNA
005 20240918181639.0
007 ta
008 230509b bl.||||| |||| 00| 0 por d
040 _aBR-BrBNA
_bpor
_cBiblioteca Nacional de Agricultura
041 _a(Pt)
072 _aF62
_b1190
_b3575
090 _aF62 BR9212419
100 1 _aMelo, J.T. de
100 1 _aGoncalves, A.N.
111 1 _a2. Simposio Brasileiro sobre Tecnologia de Sementes Florestais
_cAtibaia, SP (Brazil)
_d16-19 Oct 1989
245 1 _aInfluencia das partes do fruto na absorcao de agua pela semente de piqui (Caryocar brasiliense Camb.)
260 3 _aSao Paulo, SP (Brasil):
_c1991.
500 _aAnais do 2. Simposio Brasileiro sobre Tecnologia de Sementes Floretais Sao Paulo, SP (Brasil): 1991. p. 14 (BR9212419-AM)F62
650 _aPequi
650 _aSemente
650 _aFruto
650 _aGerminacao
650 _aTeor de Umidade
650 _aAgua
650 _aAbsorcao
773 0 _tAnais do 2. Simposio Brasileiro sobre Tecnologia de Sementes Floretais
_wF62 BR9212419
_gSao Paulo, SP (Brasil), 1991. p. 14
909 _a202404
_bLucia
_c55
_dLucia Elande
942 _cAM
_2AGRIS
999 _c326195
_d326195